Ambassador for Christ: (Record no. 5191)

000 -LEADER
fixed length control field 00627nam a2200193 a 4500
001 - CONTROL NUMBER
control field :::00002932$&:&@@
003 - CONTROL NUMBER IDENTIFIER
control field OkBaRHE
005 - DATE AND TIME OF LATEST TRANSACTION
control field 20000607103258.0
008 - FIXED-LENGTH DATA ELEMENTS--GENERAL INFORMATION
fixed length control field s1958 j 000 0 eng u
020 ## - INTERNATIONAL STANDARD BOOK NUMBER
International Standard Book Number 0817006311
040 ## - CATALOGING SOURCE
Transcribing agency
100 1# - MAIN ENTRY--PERSONAL NAME
Personal name Barclay, William, 1907-1978.
245 10 - TITLE STATEMENT
Title Ambassador for Christ:
Remainder of title the life and teaching of Paul.
260 ## - PUBLICATION, DISTRIBUTION, ETC. (IMPRINT)
Place of publication, distribution, etc Edinburgh, UK:ST., :
Name of publisher, distributor, etc Church of Scotland Youth Committee
Date of publication, distribution, etc 1958
300 ## - PHYSICAL DESCRIPTION
Extent 171 p. ;
Dimensions 19 cm.
650 ## - SUBJECT ADDED ENTRY--TOPICAL TERM
Topical term or geographic name as entry element Paul, the Apostle, Saint
942 ## - ADDED ENTRY ELEMENTS (KOHA)
Source of classification or shelving scheme
Koha item type Books
Copies
Permanent Location Source of classification or shelving scheme Full call number Date acquired Lost status Not for loan Copy number Barcode Withdrawn status Shelving location Damaged status Koha item type Price effective from Date last seen
RHEMA Bible Training College BS 2506 .B342010-04-14  12932 General Stacks Books2010-04-142018-03-16